[Event "GER-chT U12 Girls"]
[Site "Magdeburg"]
[Date "2023.12.28"]
[Round "4.6"]
[White "Kuebart, Ela Marie"]
[Black "Winkler, Frida"]
[Result "0-1"]
[WhiteElo "1325"]
[BlackElo "1298"]
[PlyCount "94"]
[EventDate "2023.12.26"]
[EventType "team-swiss"]
[EventRounds "7"]
[EventCountry "GER"]
[SourceTitle "CB03_2024"]
[SourceDate "2024.01.17"]
[SourceVersion "1"]
[SourceVersionDate "2024.01.17"]
[SourceQuality "1"]
[WhiteTeam "Freiburg Zaehringen"]
[BlackTeam "Plauen Koenig"]
[WhiteTeamCountry "GER"]
[BlackTeamCountry "GER"]

1. d4 Nf6 2. c3 e6 3. e3 c5 4. f4 b6 5. Bd3 Ba6 6. b3 cxd4 7. exd4 Be7 8. Nf3 Bxd3 9. Qxd3 0-0 10. 0-0 d6 11. f5 e5 12. dxe5 dxe5 13. Qxd8 Rxd8 14. Nxe5 Rd5 15. Re1 Bd6 16. Nc4 Bc5+ 17. Be3 Rxf5 18. Bxc5 Rxc5 19. Nbd2 Nbd7 20. Ne4 Nxe4 21. Rxe4 b5 22. Nd6 a6 23. Re7 Nf6 24. Rc1 Nd5 25. Rxf7 Rc6 26. Rd7 Nf6 27. Re7 Rxd6 28. c4 bxc4 29. bxc4 Rad8 30. c5 Rd1+ 31. Rxd1 Rxd1+ 32. Kf2 Rd2+ 33. Ke3 Rxa2 34. Kd4 Ra4+ 35. Ke5 Re4+ 36. Kd6 Ne8+ 37. Kd7 Nf6+ 38. Kd6 Rd4+ 39. Kc6 a5 40. Kb5 Rd5 41. Kc4 a4 42. c6 Rd8 43. Rb7 Rc8 44. c7 Ne8 45. Rb8 Rxc7+ 46. Kb4 Kf8 47. Kxa4 Rc2 0-1

[Event "GER-chT U12 Girls"]
[Site "Magdeburg"]
[Date "2023.12.27"]
[Round "2.7"]
[White "Kuebart, Ela Marie"]
[Black "Gerth, Lydia"]
[Result "0-1"]
[WhiteElo "1325"]
[BlackElo "1214"]
[PlyCount "48"]
[EventDate "2023.12.26"]
[EventType "team-swiss"]
[EventRounds "7"]
[EventCountry "GER"]
[SourceTitle "CB03_2024"]
[SourceDate "2024.01.17"]
[SourceVersion "1"]
[SourceVersionDate "2024.01.17"]
[SourceQuality "1"]
[WhiteTeam "Freiburg Zaehringen"]
[BlackTeam "Oberland"]
[WhiteTeamCountry "GER"]
[BlackTeamCountry "GER"]

1. d4 d5 2. c3 Bf5 3. e3 e6 4. Bd3 Bg6 5. f4 f5 6. Nf3 Nd7 7. 0-0 c5 8. b3 Ngf6 9. Ne5 Nxe5 10. fxe5 Ne4 11. Bb5+ Kf7 12. c4 a6 13. g4 axb5 14. cxd5 Qxd5 15. dxc5 Qxd1 16. Rxd1 Bxc5 17. Rf1 Rhd8 18. gxf5 Bxf5 19. a3 Rd3 20. Re1 Rad8 21. b4 Bb6 22. Ra2 Rd1 23. Rae2 Bg4 24. Rf1+ Rxf1+ 0-1